| 000 | 00768nam a2200277Ia 4500 | ||
|---|---|---|---|
| 008 | 171025s9999 xx 000 0 und d | ||
| 020 | _a9781605476919 | ||
| 050 | _a362.17 | ||
| 050 | _bR213 2007 | ||
| 100 | _aRantucci, Melanie J. | ||
| 245 | _aPharmacists talking with patients : | ||
| 245 | _ba guide to patient counceling / | ||
| 245 | _cMelanie J. Rantucci. | ||
| 250 | _aSecond edition. | ||
| 260 | _aPhiladelphia : | ||
| 260 | _bLippincott Williams & Wilkins, | ||
| 260 | _c2007 | ||
| 300 | _axi, 300 pages : | ||
| 300 | _billustrations ; | ||
| 300 | _c21cm. | ||
| 500 | _aIncludes appendix and index. | ||
| 650 | _aCommunication in pharmacy. | ||
| 650 | _aHealth counceling. | ||
| 650 | _aPharmaceutical services. | ||
| 700 | _aTitle. | ||
| 999 |
_c344885 _d344885 |
||